00754 a2200205 45000010006000000050017000060080041000230030015000640400040000790800022001192450121001410200018002622640043002803000011003235050132003341000023004667000022004897000018005117000019005292885820260407155557.0260407a1984 arg spa dAR-UNSa-BCEJYS aAR-UNSa-BCEJYSbspacAR-UNSa-BCEJYS a657xContabilidad10aGuia de PCGApun análisis de todos los principios de contabilidad generalmente aceptados que se encuentran vigente a950-537-084-X 1aBuenos Aires :bEdiciones Macchic1984 c23 cm. aParte I: Principios de contabilidad de aplicación general - Parte II: Principios de contabilidad especializados por industria1 aHolzmann, Oscar J.1 aMiller, Martin A.1 aBiondi, Mario1 aBarajas, Jorge